Islands That Start with H - Statistics

General Stats
  • This quiz has been taken 44 times
    41 since last reset
  • The average score is 7 of 10
Answer Stats
Hint Island % Correct
Largest island in the United States Hawai'i
93%
Caribbean island shared by Haiti and the Dominican Republic Hispaniola
88%
Main island of the former British colony of the same name, now a Chinese Special Administrative Region {Hong} {Kong}
88%
Northernmost major island of Japan, containing Sapporo Hokkaido
83%
Largest island in Japan Honshu
80%
Largest island in China Hainan
70%
Island group off north-western Scotland, consisting of the Inner and Outer ______ Hebrides
70%
Iranian island in the Persian gulf; located in the Strait of the same name {Hormuz} Island
53%
German island in the North Sea, Helgoland in German Heligoland
25%
Part of the Australian territory of ____ Island and McDonald Islands, in the southern Indian Ocean {Heard} Island
23%
No matching quizzes found
Score Distribution
Percent of People with Each Score
Percentile by Number Answered
Your Score History
You have not taken this quiz since the last reset